000
00359cam a2200157ua 4500
020
_c
9.00
041
_a
hin
_h
082
_a
891.54
_b
MAT/A
100
_a
Inatnnavan, Mahindra .
245
0
0
_a
Aatharsa Kahanni /
_c
Mahindra inatnnavan.
_h
Textual Documents
300
_a
108 ; .
365
_a
9.00
504
_a
942
_c
BK
999
_c
11706
_d
11706